Introduction To Biochemical Engineering (Record no. 323290)

MARC details
000 -LEADER
fixed length control field 00453nam a2200169Ia 4500
008 - FIXED-LENGTH DATA ELEMENTS--GENERAL INFORMATION
fixed length control field 230718s9999 xx 000 0 und d
041 ## - LANGUAGE CODE
Language code of text/sound track or separate title eng
082 ## - DEWEY DECIMAL CLASSIFICATION NUMBER
Classification number 660.63
Item number RAO
100 ## - MAIN ENTRY--PERSONAL NAME
Personal name Rao D.G.
9 (RLIN) 171171
245 ## - TITLE STATEMENT
Title Introduction To Biochemical Engineering
250 ## - EDITION STATEMENT
Edition statement 2nd ed.
260 ## - PUBLICATION, DISTRIBUTION, ETC. (IMPRINT)
Date of publication, distribution, etc. 2010
Name of publisher, distributor, etc. Tata McGraw Hill
300 ## - PHYSICAL DESCRIPTION
Extent 480
365 ## - TRADE PRICE
Currency code Rs.
Price amount 425.00
700 ## - ADDED ENTRY--PERSONAL NAME
Personal name Rao D.G.
9 (RLIN) 171171
906 ## - LOCAL DATA ELEMENT F, LDF (RLIN)
d O:0043002-Jan-2010B:184707-Oct-2009
c INST
b 85
Holdings
Withdrawn status Lost status Damaged status Not for loan Home library Current library Date acquired Vendor Budget Code Cost, normal purchase price Bill number Total Checkouts Full call number Barcode Date last seen Discount Cost, replacement price Bill Date Koha item type Original Barcode
        Cummins College of Engineering for Women Pune Cummins College of Engineering for Women Pune 02/01/2010 Tbs INST 340.00 1847   660.63 CCEP-BK-34497 18/07/2023 85 425.00 07/10/2009 Books 034497